• 首页
  • 本馆介绍
  • 公告通知
  • 最新文献
  • 馆藏检索
  • 电子资源
  • 读者导购
  • 参考咨询
  • 我的图书馆
  • 登录
  • 详细信息显示
  • 放入我的书架
  • 预约/预借图书
  • 作者相关作品
  • 分类相关作品
  • 丛书相关作品
  • 出版社相关作品

书目信息

  • 表格格式
  • 工作单格式
  • 卡片格式
题名:
透视台军黑幕
    
 
作者: 郁鸿 著
分册:  
出版信息: 福州   海风出版社  2003
页数: 245页
开本: 20cm
丛书名:
单 册:
中图分类: E289.58
科图分类:
主题词: 军队--概况--台湾省 , 军队
电子资源:
ISBN: 7-80597-333-4
000 00704nam0 2200229 450
001 1262520344
005 20121003172225.59
010    @a7-80597-333-4@dCNY23.00
100    @a20040212d2003 em y0chiy50 ea
101 0  @achi
102    @aCN@b350000
105    @ay z 000yy
200 1  @a透视台军黑幕@Atou shi tai jun hei mu@f郁鸿著
210    @a福州@c海风出版社@d2003
215    @a245页@d20cm
330    @a本书深刻剖析了自九十年代中期尤其是李登辉、陈水扁上台主政后,在以武抗统,追求建立现代兵力过程中,台湾军队存在着的种种问题。
606 0  @a军队@x概况@y台湾省
606 0  @a军队
690    @aE289.58@v4
701  0 @a郁鸿@Ayu hong@4著
801  0 @aCN@bNLC@c20101222
905    @a10447@dE289.58@eJY37
    
    透视台军黑幕/郁鸿著.-福州:海风出版社,2003
    245页;20cm
    
    
    ISBN 7-80597-333-4:CNY23.00
    本书深刻剖析了自九十年代中期尤其是李登辉、陈水扁上台主政后,在以武抗统,追求建立现代兵力过程中,台湾军队存在着的种种问题。
●
相关链接 在E读中查询图书 在五车中查询图书 在当当中查询图书 在豆瓣中查询图书


正题名:透视台军黑幕     索取号:E289.58/JY37         预约/预借

序号 登录号 条形码 馆藏地/架位号 状态 备注
1 7813329   278133299   学院路分馆/ [索取号:E289.58/JY37] 在馆    
2 7813330   278133306   学院路分馆/ [索取号:E289.58/JY37] 在馆    
唐山师范学院图书馆 欢迎您!
大连网信软件有限公司© 版权所有